Concise principles of company law in Malaysia

Bibliographic Details
Main Authors: Rachagan, Shanthy (Author), Joshi, Anil (Author), Pascoe, Janine (Author)
Format: Book
Language:English
Published: Kelana Jaya : Malayan Law journal , c2004
Subjects:

MARC

LEADER 00000cam a2200000 7i4500
001 0000006871
005 20140702093000.0
008 090118s2004 my eng
020 |a 9679626377 
050 0 0 |a d13 KPG956   |b .R33 2004 
090 0 0 |a d13 KPG956   |b .R33 2004 
100 0 |a Rachagan, Shanthy ,   |e author 
245 1 0 |a Concise principles of company law in Malaysia   |c Shanthy Rachagan, Janine Pascoe and Anil Joshi 
260 2 |a Kelana Jaya :   |b Malayan Law journal ,   |c c2004 
300 |a lxvii, 512 p. ;   |c 25 cm. 
500 |a "Table of cases": p. xxxvii-liii 
500 |a "Table of legislation": p. lv-lxvii 
504 |a Includes index 
650 0 |a Corporation law   |z Malaysia 
700 1 |a Joshi, Anil ,   |e author 
700 1 |a Pascoe, Janine ,   |e author 
999 |a 1000105671   |b Book   |c OPEN SHELF (30 DAYS)   |e Gong Badak Campus 
999 |a 1000121255   |b Book   |c OPEN SHELF (30 DAYS)   |e Gong Badak Campus